| 000 | 00734nam a2200193 i 4500 | ||
|---|---|---|---|
| 001 | 61918 | ||
| 003 | ES-MaACL | ||
| 005 | 20230906164553.0 | ||
| 007 | t| | ||
| 008 | 031114s1967 sp ||||1| spa d | ||
| 100 | 1 |
_aFebrer, Jaime. _949042 |
|
| 245 | 1 | 0 | _aTrovas de Mossén Jaime Febrer sobre los caballeros que vinieron con el Rey Don Jaime a la conquista de Valencia. |
| 260 |
_aValencia : _b[s.n.], _c1967 ( _fTip. Quiles) |
||
| 300 |
_a618 p. ; _c32 cm. |
||
| 500 | _aNueva ed. basada en la primera y segunda... editada en Palma de Mallorca en 1848 por Joaquin Maria Bover. | ||
| 650 | 4 |
_aHeráldica- _zValencia (Reino) _9157566 |
|
| 700 | 1 |
_aBover, Joaquín María ( _d1810-1865) _9146861 |
|
| 852 |
_aES-MaACL _jC-33365 _bR.64207 |
||
| 999 |
_c61918 _d61918 |
||